000
00316nam a2200145Ia 4500
008
240112s2016 xx 000 0 und d
022
_a
9405429
041
_a
eng
082
_a
616.4
100
_a
PORTA M.
245
_a
ACTA DIABETALOGICA
260
_b
SPRINGER
_c
2016
300
_a
1-513
_c
1-3
440
_v
53
999
_c
1145019
_d
1145019